000 00698nam a2200265Ia 4500
005 20260121170415.0
008 008 260114s9999 xx 000 0 eng d
020 _a9783319715537
037 _aEBOOK
040 _aCRL
040 _beng
040 _cCRL
041 _2eng
041 _aeng
084 _qCRL
100 _aSundas Fayyaz, Ammad Ahmad Farooqi
_91063499
245 0 _aRecent Trends in Cancer Biology: Spotlight on Signaling Cascades and microRNAs
260 _bSpringer
260 _bSpringer
260 _c2018
856 _uhttps://link.springer.com/openurl?genre=book&isbn=978-3-319-71553-7
942 _cEBOOK
999 _c1629228
_d1629228